The frozen river / Ariel Lawhon.
Available copies
- 1 of 4 copies available at LARL/NWRL Consortium.
- 1 of 1 copy available at Northwest Regional Library. (Show)
Current holds
3 current holds with 4 total copies.
View other formats and editions
Show Only Available Copies
| Location | Call Number / Copy Notes | Barcode | Shelving Location | Status | Due Date |
|---|---|---|---|---|---|
| Roseau Public Library | lp LAW (Text) | 35500006749731 | Main | Available | - |
| Hawley Public Library | LARGE PRINT LAW (Text) | 33500013997929 | Main | Checked out | 07/22/2026 |
| Hawley Public Library | LARGE PRINT LAW (Text) | 33500014159487 | Main | Checked out | 07/16/2026 |
| Hawley Public Library | LARGE PRINT LAW (Text) | 33500014174841 | Main | In transit | - |
Record details
- ISBN: 9780593793251
- ISBN: 0593793250
- Physical Description: 670 pages (large print) : map ; 24 cm
- Edition: First large print edition.
- Publisher: New York : Random House Large Print, [2023]
- Copyright: ©2023
Content descriptions
| Summary, etc.: | "A gripping historical mystery based on the ... Read More |
Search for related items by subject
| Genre: | Historical fiction. Large type books. Fiction Historical fiction Large print books. Detective and mystery fiction. Historical fiction. Biographical fiction. Novels. |
| LDR | 04076cam a2200769 i 4500 | ||
|---|---|---|---|
| 001 | 428228 | ||
| 003 | LARL_NWRL_CONSORTIUM | ||
| 005 | 20231221211828.0 | ||
| 008 | 231017t20232023nyub ed 000 1 eng d | ||
| 040 | . | ‡aAU@ ‡beng ‡erda ‡cAU@ ‡dOCLCO ‡dOCLCF ‡dOCLCO ‡dPX0 ‡dOCLCO ‡dGL4 ‡dETC ‡dORX ‡dLMJ ‡dBDX ‡dDYJ ‡dTOH ‡dOCLCO | |
| 019 | . | ‡a1391697684 ‡a1407069058 ‡a1407821304 ‡a1411065735 | |
| 020 | . | ‡a9780593793251 ‡q(large print ; ‡qpaperback) | |
| 020 | . | ‡a0593793250 ‡q(large print ; ‡qpaperback) | |
| 035 | . | ‡a(OCoLC)1404049866 ‡z(OCoLC)1391697684 ‡z(OCoLC)1407069058 ‡z(OCoLC)1407821304 ‡z(OCoLC)1411065735 | |
| 037 | . | ‡bRandom House Inc, Attn Order Entry 400 Hahn rd, Westminster, MD, USA, 21157 ‡nSAN 201-3975 | |
| 043 | . | ‡an-us-me | |
| 082 | 0 | 4. | ‡a813/.6 ‡223/eng/20231205 |
| 100 | 1 | . | ‡aLawhon, Ariel, ‡eauthor. ‡0(LARL_NWRL_CONSORTIUM)221150 |
| 245 | 1 | 4. | ‡aThe frozen river / ‡cAriel Lawhon. |
| 250 | . | ‡aFirst large print edition. | |
| 264 | 1. | ‡aNew York : ‡bRandom House Large Print, ‡c[2023] | |
| 264 | 4. | ‡c©2023 | |
| 300 | . | ‡a670 pages (large print) : ‡bmap ; ‡c24 cm | |
| 334 | . | ‡asingle unit ‡2rdami | |
| 336 | . | ‡atext ‡btxt ‡2rdacontent | |
| 337 | . | ‡aunmediated ‡bn ‡2rdamedia | |
| 338 | . | ‡avolume ‡bnc ‡2rdacarrier | |
| 340 | . | ‡nlarge print (16 point) ‡2rdafs | |
| 520 | . | ‡a"A gripping historical mystery based on the real-life diary entries of Martha Ballard, an 18th-century midwife who defied the legal system and wrote herself into American history. Maine, 1789: When the Kennebec River freezes, entombing a man in the ice, Martha Ballard is summoned to examine the body and determine cause of death. As a midwife and healer, she is privy to much of what goes on behind closed doors in Hallowell. Her diary is a record of every birth and death, crime and debacle that unfolds in the close-knit community. Months earlier, Martha documented the details of an alleged rape committed by two of the town's most respected gentlemen--one of whom has now been found dead in the ice. But when a local physician undermines her conclusion, declaring the death to be an accident, Martha is forced to investigate the shocking murder on her own. Over the course of one winter, as the trial nears, and whispers and prejudices mount, Martha doggedly pursues the truth. Her diary soon lands at the center of the scandal, implicating those she loves, and compelling Martha to decide where her own loyalties lie." -- ‡cProvided by publisher. | |
| 600 | 1 | 0. | ‡aBallard, Martha, ‡d1735-1812 ‡vFiction. |
| 650 | 0. | ‡aMidwives ‡zMaine ‡vFiction. | |
| 650 | 0. | ‡aMurder ‡xInvestigation ‡zMaine ‡vFiction. | |
| 651 | 0. | ‡aKennebec River Valley (Me.) ‡xSocial life and customs ‡y18th century ‡vFiction. | |
| 650 | 0. | ‡aLarge type books. ‡0(LARL_NWRL_CONSORTIUM)24284 | |
| 650 | 7. | ‡aFICTION / Historical / General. ‡2bisacsh | |
| 600 | 1 | 7. | ‡aBallard, Martha, ‡d1735-1812 ‡2fast |
| 650 | 7. | ‡aLarge type books ‡2fast ‡0(LARL_NWRL_CONSORTIUM)24284 | |
| 650 | 7. | ‡aManners and customs ‡2fast ‡0(LARL_NWRL_CONSORTIUM)25043 | |
| 650 | 7. | ‡aMidwives ‡2fast ‡0(LARL_NWRL_CONSORTIUM)25714 | |
| 650 | 7. | ‡aMurder ‡xInvestigation ‡2fast ‡0(LARL_NWRL_CONSORTIUM)26286 | |
| 650 | 7. | ‡aRape ‡2fast ‡0(LARL_NWRL_CONSORTIUM)29416 | |
| 650 | 7. | ‡aWomen ‡xCrimes against ‡2fast ‡0(LARL_NWRL_CONSORTIUM)34558 | |
| 651 | 7. | ‡aMaine ‡2fast ‡0(LARL_NWRL_CONSORTIUM)1743 | |
| 651 | 7. | ‡aMaine ‡zKennebec River Valley ‡2fast | |
| 648 | 7. | ‡a1700-1799 ‡2fast | |
| 655 | 0. | ‡aHistorical fiction. | |
| 655 | 0. | ‡aLarge type books. | |
| 655 | 7. | ‡aFiction ‡2fast | |
| 655 | 7. | ‡aHistorical fiction ‡2fast | |
| 655 | 7. | ‡aLarge print books. ‡2lcgft | |
| 655 | 7. | ‡aDetective and mystery fiction. ‡2lcgft | |
| 655 | 7. | ‡aHistorical fiction. ‡2lcgft | |
| 655 | 7. | ‡aBiographical fiction. ‡2lcgft | |
| 655 | 7. | ‡aNovels. ‡2lcgft | |
| 901 | . | ‡a428228 ‡bAUTOGEN ‡c428228 ‡tbiblio | |

Add to basket
Permalink
Disable Highlighting